Porqué mataron a Luis de Sirval / (Record no. 39999)

MARC details
000 -LEADER
campo de control de longitud fija 00621nam a2200193 i 4500
001 - NÚMERO DE CONTROL
campo de control 39999
003 - IDENTIFICADOR DE NÚMERO DE CONTROL
campo de control ES-MaACL
005 - FECHA Y HORA DE LA ÚLTIMA TRANSACCIÓN
campo de control 20250809224347.0
007 - CAMPO FIJO DE DESCRIPCIÓN FÍSICA--INFORMACIÓN GENERAL
campo de control de longitud fija t|
008 - DATOS DE LONGITUD FIJA--INFORMACIÓN GENERAL
campo de control de longitud fija 030304s1935 sp ||||1| spa d
100 1# - ENTRADA PRINCIPAL--NOMBRE DE PERSONA
Nombre de persona Carral, Ignacio (
Fechas asociadas al nombre 1897-1935)
9 (RLIN) 35482
245 10 - MENCIÓN DEL TÍTULO
Título Porqué mataron a Luis de Sirval /
Mención de responsabilidad, etc. Ignacio Carral.
260 ## - PUBLICACIÓN, DISTRIBUCIÓN, ETC.
Lugar de publicación, distribución, etc. Madrid :
Nombre del editor, distribuidor, etc. [s.n.],
Fecha de publicación, distribución, etc. 1935 (
Fabricante Imp. Sèz Hermanos)
300 ## - DESCRIPCIÓN FÍSICA
Extensión 203 p. ;
Dimensiones 16 cm.
600 17 - PUNTO DE ACCESO ADICIONAL DE MATERIA--NOMBRE DE PERSONA
Nombre de persona Sirval, Luis de,
Fechas asociadas al nombre 1898-1934-
Subdivisión general Asesinato
Fuente del encabezamiento o término
9 (RLIN) 162179
651 ## - PUNTO DE ACCESO ADICIONAL DE MATERIA--NOMBRE GEOGRÁFICO
Nombre geográfico España-
Subdivisión general Historia-
Subdivisión cronológica 1934, Revolución de octubre.
9 (RLIN) 149447
852 ## - LOCALIZACIÓN
Ubicación ES-MaACL
Número de control de estantería 1790-F-12
Holdings
Estatus retirado Estado de pérdida Estado de daño No para préstamo Colección Biblioteca de origen Biblioteca actual Ubicación en estantería Fecha de adquisición Fuente de adquisición Total de préstamos Signatura topográfica completa Código de barras Visto por última vez Precio de reemplazo Tipo de ítem Koha
        Colección de folletos Biblioteca del Ateneo de Madrid Biblioteca del Ateneo de Madrid Depósito folletos 17/01/2008     1790-F-12 1042116 23/02/2023 23/02/2023 Folleto